Catastro Espeleológico Nacional (Registro nro. 10059)

Detalles MARC
000 -CABECERA
Campo de control 004610000a22001690004500
090 ## - CLASIFICACIÓN LOCAL
Colección AR
Consecutivo 00971
041 0# - IDIOMA
Código de idioma para texto/pista de sonido o título separado
100 1# - ASIENTO PRINCIPAL--NOMBRE PERSONAL
Nombre personal Galán, C.
245 10 - MENCION DE TITULO
Título Catastro Espeleológico Nacional
650 14 - ASIENTO SECUNDARIO DE MATERIA - TERMINO TEMATICO
Término temático o nombre geográfico como elemento de entrada Espeleología
650 14 - ASIENTO SECUNDARIO DE MATERIA - TERMINO TEMATICO
Término temático o nombre geográfico como elemento de entrada Cavernas
651 #4 - ASIENTO SECUNDARIO DE MATERIA - NOMBRE GEOGRAFICO
-- La Sima Aonda
651 #4 - ASIENTO SECUNDARIO DE MATERIA - NOMBRE GEOGRAFICO
-- Venezuela
700 1# - ASIENTO SECUNDARIO - NOMBRE PERSONAL
Nombre personal Pérez, W.
773 1# - Item fuente:
Título Sociedad Venezolana de Espeleología
Especificación de materiales 349
Descripción física 20
Paginas del Articulo 43-45
Lugar, editorial y fecha de publicación 1983
942 ## - ELEMENTOS ADICIONALES (KOHA)
Tipo de ítem Artículo
Existencias
Withdrawn status Lost status Damaged status No para préstamo Colección Ubicación Permanente Ubicación actual Fecha de adquisición Datos de publicación Seriada Total Checkouts Número topográfico Inventario / Código de Barras Date last seen Ejemplar Price effective from Forma de adquisición Tipo de material
      No para Préstamo Hemeroteca Bogotá Bogotá 27/02/2015 Fuera de circulación   AR 00971 011270 25/03/2015 1 25/03/2015   Artículo